000
00265nam a2200109Ia 4500
008
190914s9999||||xx |||||||||||||| ||und||
100
_a
Sarwat Sultana Sarwat
245
0
_a
Aap Bataain : M.C.Q's
260
_a
Karachi
_b
Prince Book
_c
2005
300
_a
173
942
_c
BK
999
_c
9777
_d
9777